000 00273nam a22001097a 4500
008 180806b xxu||||| |||| 00| 0 eng d
082 _a813.52
245 _aLaparascopy for gynecology and oncology
_cHATACH.K.D
300 _a1
_fCD
440 _x18006383030
942 _2ddc
_cMX
999 _c46863
_d46863